Open Data Biblioteca Nacional de Portugal


República Portuguesa: Ministério da Cultura
Biblioteca Nacional de Portugal

Catálogo da BNP: acesso por Identificadores Unívocos
Registos Bibliográficos associados ao registo de autoridade

Etiqueta de registo: 00230nam 2200025 450
001 1775778
003 http://id.bnportugal.gov.pt/bib/catbnp/1775778
100 ## $a20110329d2009 k y0pory0103 ba
101 0# $aeng$dpor$dfre$dspa
102 ## $aPT
105 ## $aa m 000yy
106 ## $ar
200 1# $aMultidisciplinary study of pegmatites and associated Li and Sn-Nb-Ta mineralisation from the Barroso-Alvão region$fTânia da Costa Martins
210 #9 $aPorto$c[s.n.],$d2009
215 ## $aXXVIII, 196, [43] p.$cil.$d30 cm
215 ## $a1 disco óptico (CD-ROM) em bolsa$cil.$d13 x 13 cm
305 ## $aEd. impressa e em CD-ROM
320 ## $aBibliografia, p. 179-196
328 #1 $aTese dout. Geologia, Fac. de Ciências, Univ. do Porto, 2009
675 ## $a550.4(043)$vBN$zpor$3297904
675 ## $a552(043)$vBN$zpor$3297905
700 #1 $aMartins,$bTânia da Costa$31456302
801 #0 $aPT$bBN$gRPC
966 ## $lBN$mDEM$sS.A. 50845 P.$x1
966 ## $lBN$mFGMON$sS.A. 140746 V.$x1

Etiqueta de registo: 00254nam 2200025 450
001 2284509
003 http://id.bnportugal.gov.pt/bib/catbnp/2284509
100 ## $a20260415d2025 k y0pory01030103ba
101 0# $aeng$dpor
102 ## $aPT
105 ## $aa m 000yy
106 ## $ar
200 1# $aMineral geochesmistry for lithium exploration in tthe Barroso-Alvão pegmatite fields, Portugal$ginsights and applications$fFilipa Catarina Lopes Dias$gsupervisor Alexandre Lima, Encarnacion Roda-Robles, Tânia Martins
210 #9 $aPorto$c[s.n.],$d2025
215 ## $a251 p.$cil.$d30 cm
328 #1 $aTese dout. Earth Science, Faculdade de Ciências, Universidade do Porto, 2025
700 #1 $aDias,$bFilipa Catarina Lopes$31995864
702 #1 $aRoda-Robles,$bMaria Encarnación$4727$31972670
702 #1 $aLima,$bAlexandre$4727$31270470
702 #1 $aMartins,$bTânia da Costa$4727$31456302
801 #0 $aPT$bBN$gRPC
971 ## $ccsilva$d20260415

Etiqueta de registo: 00254nam 2200025 450
001 2284508
003 http://id.bnportugal.gov.pt/bib/catbnp/2284508
100 ## $a20260415d2025 k y0pory01030103ba
101 0# $aeng$dpor
102 ## $aPT
105 ## $aa m 000yy
106 ## $ar
200 1# $aMineral geochesmistry for lithium exploration in the Barroso-Alvão pegmatite fields, Portugal$ginsights and applications$fFilipa Catarina Lopes Dias$gsupervisor Alexandre Lima, Encarnacion Roda-Robles, Tânia Martins
210 #9 $aPorto$c[s.n.],$d2025
215 ## $a251 p.$cil.$d30 cm
328 #1 $aTese dout. Earth Science, Faculdade de Ciências, Universidade do Porto, 2025
700 #1 $aDias,$bFilipa Catarina Lopes$31995864
702 #1 $aRoda-Robles,$bMaria Encarnación$4727$31972670
702 #1 $aLima,$bAlexandre$4727$31270470
702 #1 $aMartins,$bTânia da Costa$4727$31456302
801 #0 $aPT$bBN$gRPC
966 ## $lBN$mFGMON$x1
971 ## $ccsilva$d20260415

OpendataBNP@bnportugal.pt | Mais informação sobre acesso aos dados BNP